MDQL
is popping MORE tags! Check the
thread
!
Quizzes
Events
Quiz Creation
Community
Videos
Private Events
Remove Ads
Sign In
Join for FREE
Feedback
Dark Mode
Quiz Categories
Sports
Geography
Music
Movies
Television
Just For Fun
Miscellaneous
History
Literature
Language
Science
Gaming
Entertainment
Religion
Holiday
For Kids
Quiz Lab
Recent
Popular Today
Quiz Kudos Today
Editor Picks
Curator Picks
Quizzes by...
Day
Popularity
Type
Ratings
Length
Year
Community
Subscriptions
Recent Discussions
Orange Saloon
Badges
Playlists
Quests
Create
Leaderboards
Showdown
Live 5
Trivia Bingo
Activity
Puzzle Library
Sporcle Events
Private Events
Virtual Trivia
Globe League
Become a Host
Pub Owners
SporcleCon
Opinionation
Our Games
Videos
Blog
Mobile Apps
Partnerships
Remove Ads and Go Orange
Feedback
Music
Pop Music
The Beatles
Song
Album
Lyrics
Bands
Singers
Artist
Clip
Rock
Rap
Classical
Billboard
Country Music
Kpop
Taylor Swift
Music
Pop Music
The Beatles
Song
Album
Lyrics
Bands
Singers
Artist
Clip
Rock
Rap
Classical
Billboard
Country Music
Kpop
Taylor Swift
Random Quiz
Search Sporcle
×
Quiz Lab
Quiz Lab
Music
Album
Type in answers that appear in a list
Type in answers that appear in a list
Classic
Best Score? Go Orange.
90s Bands by Debut Album Stats
Can you name the 90s Bands by Debut Album?
By
iamthe_walrus
10m
16 Questions
98 Plays
98 Plays
98 Plays
Comments
Comments
Give Quiz Kudos
Give Quiz Kudos
-
- Ratings
hide this ad
More Info
Forced Order
Answers have to be entered in order
Answers have to be entered in order
Replay
Link that replays current quiz
Next Quiz
Link to next quiz in quiz playlist
You Got
0%
They Got
Avg Score
39%
Avg Friend Score
Upgrade to see
Score Distribution
Jump to the score distribution portion of the page
Score
0/16
Timer
10:00
0
Plays Today
Debut Album
Band
% Correct
Definitely Maybe
Oasis
91.8%
Pablo Honey
Radiohead
87.8%
Ten
Pearl Jam
87.8%
The Blue Album
Weezer
74.5%
Slanted And Enchanted
Pavement
49%
Leisure
Blur
46.9%
Dandys Rule OK
The Dandy Warhols
38.8%
Homework
Daft Punk
32.7%
Debut Album
Band
% Correct
Showbiz
Muse
27.6%
Generation Terrorists
Manic Street Preachers
22.4%
On Avery Island
Neutral Milk Hotel
17.3%
K
Kula Shaker
16.3%
A Storm in Heaven
The Verve
14.3%
Fuzzy Logic
Super Furry Animals
12.2%
Nowhere
Ride
11.2%
Barely Legal
The Hives
7.1%
Quiz Playlist
Details
Report
Send in Message
Add To Playlist
More Info:
You only get one chance to make a good first impression
Classic:
Type in answers that appear in a list
Forced Order:
Answers have to be entered in order
Last Updated: Feb 16, 2017
Quiz Scoreboard
CHALLENGE
Sign Up to Join the Scoreboard
Show All
Scores
Hide
Comments
May contain spoilers
Recently Published
Image Sorting: Flags VI
by Barbecue
Geography
2m
Find the 'City' Movie
by crazypaving
Movies
60s
Colored Red Africa Blitz
by spor1
Geography
45s
More to Explore
Quiz From the Vault
Featured Blog Post
14 Easter Pick-up Lines to Find Eggs With
hide this ad
You Might Also Like...
Tags
Album Quiz
debut
Debut Album
Today's Top Quizzes in Music
Browse Music
hide this ad
Today's Top Quizzes in Album
Browse Album
Top Contributed Quizzes in Music
1
5X2 Blitz: Bands II
2
5X2 Blitz: The Beatles
3
Taylor Swift All Songs (2024)
4
5X2 Blitz: Billboard
5
5X2 Blitz: Billboard II
6
5X2 Blitz: Album
7
Taylor Swift Logic Puzzle II
8
5X2 Blitz: Singers
9
5X2 Blitz: Rock
10
5X2 Blitz: Lyrics
Explore More
Trending Topics
Anime
Marvel
Harry Potter
Crossword
NBA
Kpop
Disney
WWE
Soccer
Country
Pokémon
NFL
Puzzle
Song
The Office
hide this ad
More By:
iamthe_walrus
Quiz
Plays
Rating
Category
Featured
Created
Polish Ekstraklasa Winners
876
5.00
Sports
Jul 28, 2016
Artists in Rate Your Music's Top 100 Albums
454
5.00
Music
May 30, 2017
NME 50 Darkest Albums Ever
379
4.67
Music
Jul 28, 2016
Britpop Bands by Highest Charting Album
355
5.00
Music
Aug 1, 2016
UCL/European Cup Winners by Nation
346
5.00
Sports
Jul 28, 2016
Go to Creator's Profile
Score Distribution
Quiz Creator Spotlight
iamthe_walrus
Follow
Send a Message
Quizzes Created
-
Created Quiz Play Count
-
More By This Creator
Popular Quizzes Today
1
Colored Red Africa Blitz
2
Find the US States - No Outlines Minefield
3
Find the 'City' Movie
4
5x2 Blitz: Bands
5
The Countries of the World
6
Find the US States
7
Find the Countries of Europe - No Outlines Minefield
8
US States
More Music Quizzes
Space Songs
Curator's Pick
Trending Quizzes
Colored Red Europe Blitz I
Colored Red Europe Blitz II
Colored Red Africa Blitz II
Colored Red Europe Blitz III
Colored Red Africa Blitz III
Recently Updated
How Do You Spell That?
pecheneg
Godzilla Movies
pecheneg
Grab Bag: 4-10 Letters
pecheneg
2024 March Madness Bracket
pecheneg
Famous TV Couples
Peacemaker
Champions League XIs: Real Madrid
pecheneg
Largest US Cities 1790-2010
pecheneg
Rides in Walt Disney World
pecheneg
Most Oscar Losses (Acting)
pecheneg
Beyoncé Albums
pecheneg
Trending Topics
Marvel
Kpop
Disney
NBA
Harry Potter
Crossword
Anime
WWE
Song
NFL
The Office
Pokémon
Soccer
Country
Puzzle
Your Account Isn't Verified!
In order to create a playlist on Sporcle, you need to verify the email address you used during registration. Go to your
Sporcle Settings
to finish the process.
Report this User
Report this user for behavior that violates our
Community Guidelines
.
Details:
Send Report
Go to the Sporcle.com Mobile Site →
Comments